| 000 | 00942nam1a22002411i 4500 | ||
|---|---|---|---|
| 001 | rc\3488069 | ||
| 005 | 20240723195507.0 | ||
| 035 | _a(NLR Aleph) 007647865 | ||
| 090 |
_a6196433 _c6196433 |
||
| 100 | _a20130115g1970 |||y0rusy50 ca | ||
| 101 | 0 | _arus | |
| 102 | _aRU | ||
| 105 | _a z ||||| | ||
| 200 | 1 |
_aЭлектрические микромашины _eУчеб. пособие _e[В 2 ч.] _eЧ. 1- _fМ-во высш. и сред. спец. образования РСФСР. Сев.-зап. заоч. политехн. ин-т |
|
| 210 |
_aЛенинград _cБ. и. _d1970- |
||
| 215 | _d21 | ||
| 606 |
_aМикроэлектромашины _jПособия для заочников _2psbo |
||
| 700 | 1 |
_aБайко _bВ.Ф. _gВалерьян Францевич |
|
| 701 | 1 |
_aТитов _bН.П. _gНиколай Петрович |
|
| 801 | 0 |
_aRU _bNLR _gpsbo |
|
| 801 | 1 |
_aRU _bELAR _2rusmarc |
|
| 852 |
_aNLR _j71-5/1980 |
||
| 942 | _cBOOK | ||